Municipality size, political efficacy and political participation: A systematic review (Record no. 518084)

000 -LEADER
fixed length control field 01553nam a22001577a 4500
008 - FIXED-LENGTH DATA ELEMENTS--GENERAL INFORMATION
fixed length control field 210816b ||||| |||| 00| 0 eng d
100 ## - MAIN ENTRY--PERSONAL NAME
Personal name McDonnell, Joshua
245 ## - TITLE STATEMENT
Title Municipality size, political efficacy and political participation: A systematic review
260 ## - PUBLICATION, DISTRIBUTION, ETC. (IMPRINT)
Place of publication, distribution, etc Local Government Studies
300 ## - PHYSICAL DESCRIPTION
Extent 46(3), Jun, 2020: p.331-350
520 ## - SUMMARY, ETC.
Summary, etc It is an old adage that local government is a training ground for democracy. Its human scale means that political amateurs can contribute effectively and meaningfully to the politics of a state. But in a political climate seemingly driven to consolidate local government into ever larger units, can a not so local local government still elicit an efficacious and participatory citizenry? This paper explores the effect of municipality population size on two important aspects of democratic culture: political efficacy and political participation. Via a two-part systematic review, the paper examines how extant empirical literature bears on the relationship between size and both of these aspects, hypothesising that political efficacy plays a mediating role between size and participation. The findings are unequivocal: citizens of smaller municipalities feel a greater sense of political efficacy and participate to a greater degree in local politics. – Reproduced
650 ## - SUBJECT ADDED ENTRY--TOPICAL TERM
Topical term or geographic name as entry element Local government, Amalgamation, Political participation, Political efficacy, systematic review, Political
9 (RLIN) 26885
773 ## - HOST ITEM ENTRY
Main entry heading Local Government Studies
906 ## - LOCAL DATA ELEMENT F, LDF (RLIN)
Subject DIP LOCAL GOVERNMENT
942 ## - ADDED ENTRY ELEMENTS (KOHA)
Item type Articles
Holdings
Withdrawn status Lost status Source of classification or shelving scheme Damaged status Not for loan Permanent location Current location Date acquired Serial Enumeration / chronology Barcode Date last seen Koha item type
          Indian Institute of Public Administration Indian Institute of Public Administration 2021-08-16 46(3), Jun, 2020: p.331-350 AR125281 2021-08-16 Articles

Powered by Koha